Neue topologische Methoden in der algebraischen Geometrie.

Guardado en:
Autor Principal: Hirzebruch, Friedrich.
Formato: Libro
Idioma:German
Publicado: Berlin : Springer, 1956.
Series:Ergebnisse der Mathematik und ihrer Grenzgebiete. ; N.F., Heft 9
Materias:
Etiquetas: Agregar Etiqueta
Sin Etiquetas, Sea el primero en etiquetar este registro!
LEADER 00773cam a22002291a 4500
001 MAT.inmabb005467
008 750605s1956####gw#######b####000#0#ger##
005 20150701171612.0
245 1 0 |a Neue topologische Methoden in der algebraischen Geometrie. 
260 |a Berlin :  |b Springer,  |c 1956. 
300 |a 165 p. ;  |c 24 cm. 
440 0 |a Ergebnisse der Mathematik und ihrer Grenzgebiete. ;  |v N.F., Heft 9 
502 |a Habilitationsschrift--Westfälische Wilhelms-Universität. 
504 |a Bibliografía: p. [158]-160. 
510 4 |a MR,  |c 18,509b 
100 1 |a Hirzebruch, Friedrich. 
650 0 |a Geometry, Algebraic. 
650 0 |a Algebraic topology. 
084 |a 14.0X  |2 MR 
010 |a  56004567  
040 |a DLC  |c GAT  |d OCoLC  |d DLC 
859 |h 14  |i H672  |p A-2091  |b BIB. MATEMATICA